UM Logo

Adapted Physical Educators' Experiences With School Administration and Marginalization / (Record no. 24315)

MARC details
000 -LEADER
fixed length control field 01134nam a22002657a 4500
003 - CONTROL NUMBER IDENTIFIER
control field OSt
005 - DATE AND TIME OF LATEST TRANSACTION
control field 20260416171043.0
008 - FIXED-LENGTH DATA ELEMENTS--GENERAL INFORMATION
fixed length control field 260212b |||||||| |||| 00| 0 eng d
040 ## - CATALOGING SOURCE
Transcribing agency 0
082 ## - DEWEY DECIMAL CLASSIFICATION NUMBER
Edition number DPer 796.07 J836 January-October 2023 v. 42 n. 1-4
100 ## - MAIN ENTRY--PERSONAL NAME
Personal name McNamara, Scott W.T.
Relator term author.
9 (RLIN) 69700
245 ## - TITLE STATEMENT
Title Adapted Physical Educators' Experiences With School Administration and Marginalization /
Statement of responsibility, etc. Scott W.T. McNamara, Kevin Andrew Richards, Alyssa M. Trad, Sarena Abdallah, and Lauren Hill.
260 ## - PUBLICATION, DISTRIBUTION, ETC. (IMPRINT)
Place of publication, distribution, etc. US ;
Name of publisher, distributor, etc. Human KInetic, Inc. ,
Date of publication, distribution, etc. April 2023
300 ## - PHYSICAL DESCRIPTION
Extent Volume 42, pages 283-292 :
Other physical details illustration ;
Dimensions 29 cm.
500 ## - GENERAL NOTE
General note Journal of Teaching in Physical Education, vol. 42 no. 2, pages 283-292, January-October 2023.
650 #0 - SUBJECT ADDED ENTRY--TOPICAL TERM
Topical term or geographic name as entry element Adapted physical education.
9 (RLIN) 66978
650 #0 - SUBJECT ADDED ENTRY--TOPICAL TERM
Topical term or geographic name as entry element Administrator Role
9 (RLIN) 70618
650 #0 - SUBJECT ADDED ENTRY--TOPICAL TERM
Topical term or geographic name as entry element General Education
9 (RLIN) 70619
700 ## - ADDED ENTRY--PERSONAL NAME
Personal name McNamara, Scott W.T.
Relator term author.
9 (RLIN) 69700
700 ## - ADDED ENTRY--PERSONAL NAME
Personal name Richards, Kevin Andrew
Relator term author.
9 (RLIN) 69703
700 ## - ADDED ENTRY--PERSONAL NAME
Personal name Trad, Alyssa M.
Relator term author.
9 (RLIN) 69704
700 ## - ADDED ENTRY--PERSONAL NAME
Personal name Abdallah, Sarena
Relator term author.
9 (RLIN) 69705
700 ## - ADDED ENTRY--PERSONAL NAME
Personal name Hill, Lauren
Relator term author.
9 (RLIN) 69706
942 ## - ADDED ENTRY ELEMENTS (KOHA)
Source of classification or shelving scheme Dewey Decimal Classification
Koha item type Periodicals
Holdings
Withdrawn status Lost status Source of classification or shelving scheme Damaged status Not for loan Collection code Home library Current library Date acquired Total Checkouts Full call number Date last seen Price effective from Koha item type Public note
    Dewey Decimal Classification     Periodicals UM Digos College - LIC UM Digos College - LIC 02/12/2026   DPer 796.07 J826 January-October 2023 v.42 n. 1-4 02/12/2026 12/02/2026 Periodicals Periodical Article